Hottest Countries Quiz - Statistics

General Stats
  • This quiz has been taken 3,229 times
  • The average score is 14 of 20
Answer Stats
Temperature (Celsius) Country % Correct
50.3 Egypt
89%
52.0 Saudi Arabia
86%
53.0 Mexico
85%
56.7 United States
85%
50.0 India
84%
51.0 Algeria
81%
51.9 Libya
81%
50.7 Australia
78%
52.0 Iraq
78%
49.7 Sudan
76%
49.7 China
75%
50.7 Morocco
75%
55.0 Tunisia
70%
53.5 Pakistan
68%
50.4 Qatar
66%
53.5 Kuwait
64%
53.9 Israel
63%
50.0 Mauritania
53%
50.0 South Africa
47%
49.5 Djibouti
29%
No matching quizzes found
Score Distribution
Percent of People with Each Score
Percentile by Number Answered
Your Score History
You have not taken this quiz